[Event "Stay Safe Play From Home 310"]
[Site "Emanuel Lasker Arena"]
[Date "2020.07.17"]
[Round "5"]
[White "Little champs"]
[Black "Haxhi Baha"]
[Result "1-0"]
[WhiteElo "2291"]
[BlackElo "1949"]
[Annotator "TA"]
[PlyCount "91"]
[EventDate "2020.07.17"]
[EventType "swiss (blitz)"]

{[%evp 9,91,0,23,20,27,-93,-51,-64,-62,-43,-60,-88,-77,-90,-94,-126,-132,-146,-152,-247,-202,-279,-277,-362,-341,-399,-397,-397,-370,-421,-357,-413,-398,-411,-360,-481,-353,-445,-209,-386,-206,-343,-203,-485,-23,-20,-13,-316,-312,-325,-110,-125,31,22,54,53,66,3,-16,-37,-8,-114,-127,-145,28,39,71,67,106,126,408,397,342,-1592,191,195,191,-2095,-172,-176,-187,-598,-570,-12836]} 1. d4 d5 2. e3 e6 3. Nf3 Bd6 4. Bd3 Nf6 5. c4 Nbd7 6. c5 {D05: Colle System with ...e6.} Be7 {[#]} 7. g4 $146 (7. O-O $11) ({Predecessor:} 7. O-O c6 8. b4 a5 9. b5 cxb5 10. Bxb5 O-O 11. a4 Ne4 12. Bb2 Bf6 13. Qc2 {½-½ (55) Pereira,A (1740)-Stivanelli,L (2062) Sao Paulo 2014}) 7... b6 ({But not} 7... Nxg4 $6 8. Rg1 $11) 8. g5 {Black is slightly better.} Ne4 9. c6 Nb8 10. Qc2 Nxg5 11. Nxg5 Bxg5 12. Rg1 Bf6 13. b4 Qd6 14. Rg2 (14. b5 $17 Qxh2 15. Rf1) 14... Qxb4+ 15. Bd2 Qd6 16. a3 Nxc6 ({Resist} 16... Qxc6 17. Bc3 $19) 17. Bb5 Bd7 18. Nc3 a6 19. Be2 Na5 20. Rb1 O-O 21. Kf1 c5 22. dxc5 bxc5 23. Kg1 e5 {[#]} (23... Rfb8 $142 24. Ne4 Rxb1+ 25. Qxb1 dxe4 {[%mdl 64] Discovered Attack} 26. Bxa5 Rb8) 24. Kh1 $2 (24. Nxd5 $1 {[%mdl 512]} Qxd5 25. Bxa5) 24... e4 (24... Nc6 $142 25. Qd3 Be6) 25. Rbg1 (25. Nxe4 $142 dxe4 26. Bxa5) 25... Kh8 (25... Nc6 $142 26. f3 exf3 27. Bxf3 Bh3) 26. Nd1 $2 (26. Nxe4 {was worth a try.} dxe4 27. Bxa5) 26... Bc6 $2 (26... Nc6 $19 27. f4 exf3 28. Bxf3 Ne5) 27. Bxa5 $11 d4 28. Bb6 $2 {[%mdl 8192]} (28. exd4 $11 Bxd4 29. Bc3) 28... d3 $19 {[%mdl 64] Double Attack} 29. Qd2 Qe5 $2 (29... Rab8 $19 {has better winning chances.} 30. Ba5 Rb3) 30. Bg4 $17 Bb5 $2 (30... Rab8 $17 31. Ba5 Rb1) 31. Ba5 $14 c4 32. Bc3 Qd6 33. Bxf6 (33. Bf5 $14 Qd5 34. Bh3) 33... Qxf6 $11 34. Nc3 Rad8 35. Nxe4 (35. Bd1 $11 {remains equal.}) 35... Qe5 $36 {[%mdl 2048] White is under strong pressure.} 36. Nc3 f5 $2 ({Black should try} 36... Bc6 $17 {Hoping for ...f5.} 37. e4 Bxe4 38. Nxe4 Qxe4) 37. Bf3 $11 g6 38. e4 {Black must now prevent Rxg6!} fxe4 39. Bxe4 {Strongly threatening Rxg6!} Rf4 $2 {[%mdl 8192]} (39... Be8 $16) 40. Rg5 $18 Qf6 {...Rxe4! is the strong threat.} 41. Bxg6 $4 {[%mdl 8192] [#]} (41. f3 $18) 41... Rxf2 $4 {[%mdl 8192]} ({Not} 41... hxg6 42. Nxb5 Rxf2 43. Qc3 $11) (41... Bc6+ $1 $19 {and life is good for Black.} 42. R5g2 Rxf2 43. Qxf2 Qxf2 {[%mdl 64] Pin}) 42. Qe3 {And now Bxh7! would win.} Bc6+ 43. Ne4 $4 {[%mdl 8192]} (43. Be4 $18 Bxe4+ 44. Nxe4 Qf3+ 45. Qxf3 Rxf3 46. Rc5) 43... Qf3+ $2 (43... d2 44. Bh5 Rf4 45. Qxd2 Bxe4+ 46. Qg2 Qxg5 47. Qxe4 Qxg1+ 48. Kxg1 Rxe4 49. Kf2 c3 50. Kf3 {[#]} c2 $1 {[%mdl 512]} 51. Kxe4 c1=Q 52. Bf3 Qe1+ 53. Be2 Qxe2+ {[%mdl 64] Double Attack} 54. Kf5 Rf8+ 55. Kg5 Qg2+ 56. Kh5 Qh3+ {[%mdl 64] Double Attack} 57. Kg5 Rf5#) 44. Qxf3 $19 Rxf3 45. Rh5 $2 (45. Bxh7 Rh3 46. Bf5) 45... Rd7 46. Bf5 {[%mdl 32768] Never resign too early! Accuracy: White = 27%, Black = 30%. . Loss on time!?} 1-0

[Event "Stay Safe Play From Home 310"]
[Site "Emanuel Lasker Arena"]
[Date "2020.07.17"]
[Round "5"]
[White "Lamborghini"]
[Black "Lazieri3"]
[Result "0-1"]
[WhiteElo "2206"]
[BlackElo "2139"]
[Annotator "TA"]
[PlyCount "118"]
[EventDate "2020.07.17"]
[EventType "swiss (blitz)"]

{[%evp 13,117,16,16,16,16,0,8,4,10,-18,-9,-6,0,0,-1,-9,40,42,37,23,40,39,40,39,47,35,39,38,50,43,41,46,53,43,43,34,40,43,46,42,40,33,38,29,43,29,54,53,91,59,102,102,300,0,11,14,25,0,57,0,0,0,0,0,8,0,80,-29977,-29976,-29987,-29988,-29988,-29989,-29991,-29991,-29991,-29989,-29987,-29988,-29991,-29991,-29991,-29992,-29992,-29992,-29994,-29994,-29995,-29996,-29996,-29994,-29994,-29994,-29994,-29995,-29995,-29996,-29996,-29997,-29997,-29998,-29998,-29999,-29999,-29999,-29999]} 1. e4 c6 2. d4 d5 3. Nc3 dxe4 4. Nxe4 Nf6 5. Nxf6+ exf6 6. Bc4 Bd6 7. Qe2+ Qe7 8. Qxe7+ {B15: Caro-Kann: 3 Nc3: 3...g6 and 3...dxe4 4 Nxe4 Nf6 5 Nxf6+ exf6.} Bxe7 9. Bf4 Be6 10. Bd3 {The position is equal.} Nd7 {[#]} 11. a3 $146 ({Predecessor:} 11. Nf3 O-O 12. O-O Rfe8 13. Rfe1 Nb6 14. b3 Nd5 15. Bd2 Nb4 16. Bxb4 Bxb4 17. Re3 {½-½ (54) Rusjan,D (2094)-Zhelesny,S (2180) Rogaska Slatina 2009}) 11... O-O 12. Ne2 Rfd8 13. O-O-O Nb6 14. Rhe1 $1 Bd6 15. Bxd6 Rxd6 16. c3 Bc4 17. Nf4 Bxd3 18. Nxd3 Kf8 19. Nc5 Rb8 $1 20. Kc2 Nd7 21. Nd3 Re6 22. Nf4 Rxe1 23. Rxe1 Re8 24. Rxe8+ Kxe8 $14 {[%mdl 4096] Endgame KN-KN} 25. c4 Ke7 26. Kd3 f5 27. Ne2 Kd6 28. f3 g5 29. Nc3 Nf6 30. b4 g4 31. f4 h5 32. g3 h4 $2 (32... Kd7 $16) 33. Ne2 $2 ({Weaker is} 33. gxh4 Nh5 $16) (33. c5+ $18 Ke6 34. gxh4) 33... hxg3 34. Nxg3 Ke6 35. Ke3 Nd7 ({Black should play} 35... Ng8 $11) 36. Nf1 (36. d5+ $14 cxd5 37. cxd5+ Kxd5 38. Nxf5) 36... Nf6 37. Nd2 Nh5 38. a4 a6 39. a5 g3 (39... Nf6 $11 {remains equal.}) 40. Nb3 $2 {[%mdl 8192] [#]} (40. h4 $16) 40... gxh2 {Black mates.} 41. Kf2 h1=Q 42. Nc5+ Ke7 43. Nd3 Qh2+ 44. Ke3 Qg3+ 45. Kd2 Nxf4 46. Ne5 Qf2+ 47. Kc3 Ne2+ 48. Kd2 Qxd4+ 49. Nd3 Nf4 50. Kc2 Qxd3+ 51. Kb2 {[#]} Nd5 $1 52. cxd5 f4 53. d6+ Kxd6 54. b5 cxb5 55. Ka2 f3 56. Kb2 f2 57. Ka2 f1=Q {[%csl Gd3][%cal Rf1b1]} 58. Kb2 Qf2+ 59. Kc1 Qdf1# {Black used his chance. Accuracy: White = 74%, Black = 69%.} 0-1

[Event "Stay Safe Play From Home 310"]
[Site "Emanuel Lasker Arena"]
[Date "2020.07.17"]
[Round "5"]
[White "Grizzzly"]
[Black "Haris kollari 13"]
[Result "1-0"]
[WhiteElo "1880"]
[BlackElo "1643"]
[Annotator "NA"]
[PlyCount "55"]
[EventDate "2020.07.17"]
[EventType "swiss (blitz)"]

1. Nf3 {[%emt 0:00:02]} e6 {[%emt 0:00:00]} 2. g3 {[%emt 0:00:00]} d5 {[%emt 0:00:01]} 3. Bg2 {[%emt 0:00:00]} f5 {[%emt 0:00:00]} 4. O-O {[%emt 0:00:01]} Be7 {[%emt 0:00:01]} 5. d3 {[%emt 0:00:00]} h5 {[%emt 0:00:01]} 6. Nbd2 {[%emt 0:00:01]} g5 {[%emt 0:00:01]} 7. e4 {[%emt 0:00:01]} h4 {[%emt 0:00:02]} 8. exd5 {[%emt 0:00:02]} hxg3 {[%emt 0:00:07]} 9. fxg3 {[%emt 0:00:01]} g4 {[%emt 0:00:01]} 10. Nd4 {[%emt 0:00:01]} exd5 {[%emt 0:00:08]} 11. Nxf5 {[%emt 0:00:01]} Bxf5 {[%emt 0:00:02]} 12. Rxf5 {[%emt 0:00:01]} Qd7 {[%emt 0:00:01]} 13. Qxg4 {[%emt 0:00:02]} c6 {[%emt 0:00:01]} 14. Rf4 {[%emt 0:00:07]} Nf6 {[%emt 0:00:05]} 15. Qxd7+ {[%emt 0:00:02]} Nbxd7 {[%emt 0:00:02]} 16. Nf3 {[%emt 0:00:01]} O-O-O {[%emt 0:00:01]} 17. Ra4 {[%emt 0:00:03]} Kb8 {[%emt 0:00:02]} 18. Be3 {[%emt 0:00:01]} b6 {[%emt 0:00:02]} 19. Nd4 {[%emt 0:00:02]} Kb7 {[%emt 0:00:02]} 20. Ne6 {[%emt 0:00:01]} Rc8 {[%emt 0:00:02]} 21. c4 {[%emt 0:00:01]} dxc4 {[%emt 0:00:06]} 22. dxc4 {[%emt 0:00:00]} Ng4 {[%emt 0:00:04]} 23. Re1 {[%emt 0:00:03]} Nxh2 {[%emt 0:00:01]} 24. Bf4 {[%emt 0:00:02]} Bf6 {[%emt 0:00:02]} 25. Ng5 {[%emt 0:00:05]} Ng4 {[%emt 0:00:02]} 26. Nf7 {[%emt 0:00:03]} Nc5 {[%emt 0:00:01]} 27. Nd6+ {[%emt 0:00:02]} Kb8 {[%emt 0:00:02]} 28. Nxc8+ {[%emt 0:00:00] Time (Lag: Av=0.34s, max=0.6s)} 1-0

[Event "Stay Safe Play From Home 310"]
[Site "Emanuel Lasker Arena"]
[Date "2020.07.17"]
[Round "5"]
[White "Greblah"]
[Black "Bardellosport"]
[Result "0-1"]
[WhiteElo "1878"]
[BlackElo "1978"]
[Annotator "TA"]
[PlyCount "96"]
[EventDate "2020.07.17"]
[EventType "swiss (blitz)"]

{[%evp 9,96,2,23,32,19,-43,-30,-30,-2,0,10,-19,26,-4,14,0,-10,-83,-23,-46,-40,-54,-46,-48,-48,-41,-37,-35,-37,-45,-8,-18,23,-15,151,29,139,123,116,127,216,233,257,264,238,0,136,132,197,192,408,379,427,439,410,405,696,61,56,0,0,0,0,0,0,0,83,83,197,185,185,185,300,300,300,300,552,578,856,0,412,405,354,139,364,0,339,0,0]} 1. e4 e6 2. Qe2 d5 3. exd5 Qxd5 4. Nc3 Qd8 5. g3 Nf6 6. Bg2 {[#] C00: French: Unusual White 2nd moves.} Nc6 $146 ({Predecessor:} 6... c5 7. Nf3 Nc6 8. d3 Nd4 9. Nxd4 cxd4 10. Ne4 Nxe4 {½-½ (10) Radovanovic,N (2394)-Stojanovic,M (2514) Valjevo 2016}) 7. Nh3 ({White should play} 7. Nf3 $11) 7... Bd7 8. d3 {Black has an edge.} Bc5 9. Be3 Qe7 10. O-O O-O 11. Nf4 Rab8 12. Bxc5 Qxc5 13. Na4 (13. Qe3 $11 {remains equal.} Qb4 14. Rab1) 13... Qe7 (13... Qb4 $17 14. b3 Nd4) 14. b3 Nd4 15. Qd2 Bxa4 16. bxa4 c5 17. c3 Nc6 18. Bxc6 bxc6 19. Rab1 Rbc8 20. Rb3 Nd5 21. Rfb1 g5 $2 ({Black should try} 21... Qg5 $11 22. c4 e5 23. cxd5 cxd5) 22. Ne2 (22. Nh5 $1 $16) 22... f5 (22... c4 $11 23. Rb7 (23. dxc4 Nb6 $14) 23... Qf6) 23. Rb7 Rc7 24. Rxc7 Qxc7 (24... Nxc7 $16 25. Rb7 Qd8) 25. c4 $1 $18 {[%cal Rc4d5]} (25. Qxg5+ $6 Qg7 $16) 25... Nb4 26. a3 Na6 27. Qb2 $2 (27. Qxg5+ $18 Qg7 28. Qd2) 27... Nb8 {[#]} (27... Rb8 $11 28. Qc1 Rxb1 29. Qxb1 h6) 28. Qb7 $1 $16 {[%cal Rb7c7]} Qxb7 (28... Qd6 $16 {was necessary.}) 29. Rxb7 {[%mdl 4096] Endgame KRN-KRN} f4 $2 (29... a5 30. Re7 Rd8) 30. Kf1 f3 31. Nc3 Rd8 32. Ne4 {And now Nf6+ would win.} Nd7 {[#]} (32... Rxd3 $142 33. Ke1 h6 34. Rxb8+ Kg7 35. Rb7+ Kg6 36. Nxc5 Rc3 37. Rxa7 Rxc4) 33. Ke1 $2 (33. Rxd7 $1 $18 {[%mdl 512]} Rxd7 34. Nf6+ {[%mdl 64] Double Attack} Kf8 35. Nxd7+ Ke8 36. Ne5) 33... Ne5 $1 $14 34. Nxc5 ({Better is} 34. Nf6+ $14 Kf8 35. Nxh7+ Ke8 36. Nxg5 (36. Rxa7 g4 $11)) 34... Nxd3+ $11 35. Nxd3 Rxd3 36. Rxa7 Rxa3 $14 {KR-KR} 37. a5 {[%cal Ba4a5,Ba5a6,Ba6a7][%mdl 32]} Ra1+ (37... g4 $11) 38. Kd2 $16 {Strongly threatening Ke3.} Ra2+ (38... g4 $16) 39. Ke3 $18 g4 40. a6 h5 (40... Re2+ {is a better defense.} 41. Kf4 Rxf2) 41. Ra8+ Kg7 {Black wants to play ...Re2+.} 42. a7 Re2+ $2 (42... Ra4 43. Kd4 Ra5) 43. Kf4 {Threatens to win with Re8.} Ra2 44. Re8 $2 ({White must play} 44. Ke5 $18 Re2+ 45. Kd6) 44... e5+ $2 {[%mdl 8192]} (44... Rxa7 $11 {and Black has nothing to worry.} 45. Rxe6 Ra2) 45. Rxe5 Rxa7 46. Rc5 $2 (46. Rxh5 $18 {is the precise move to win.} Ra2 47. Rg5+ Kh7 48. Rxg4) 46... Rf7+ $2 (46... Ra2 $16 {was worth a try.}) 47. Ke3 $2 (47. Kg5 $18) 47... Rc7 $2 {[%mdl 8192]} (47... Re7+ $11 48. Kf4 Rd7) 48. Kd3 $2 (48. Rxh5 $18 {Rg5+ is the strong threat.} Kg6 49. Rc5) 48... Kg6 {[%mdl 32768] Accuracy: White = 52%, Black = 30%. . Sensor Board Error (Ke4/e5)?} 0-1

[Event "Stay Safe Play From Home 310"]
[Site "Emanuel Lasker Arena"]
[Date "2020.07.17"]
[Round "6"]
[White "Broken sword"]
[Black "Hetou"]
[Result "1/2-1/2"]
[WhiteElo "2452"]
[BlackElo "2539"]
[Annotator "TA"]
[PlyCount "36"]
[EventDate "2020.07.17"]
[EventType "swiss (blitz)"]

{[%evp 13,36,5,20,-4,0,0,0,0,-2,-16,0,-10,-11,-6,0,0,0,-4,0,0,0,0,14,8,14]} 1. d4 b6 2. Nf3 Bb7 3. c3 g6 4. Bg5 Bg7 5. Nbd2 Nf6 6. e3 O-O 7. Bd3 d6 {The position is equal.} 8. Qe2 {A48: 1 d4 Nf6 2 Nf3 g6: Torre, London and Colle Systems.} Nbd7 {[#]} 9. Ba6 $146 ({Predecessor:} 9. O-O a6 10. Rad1 e5 11. dxe5 dxe5 12. Be4 Qc8 13. Bxb7 Qxb7 14. Bxf6 Bxf6 15. Nc4 Rad8 {0-1 (54) Murzin,V (2465)-Guseinov,G (2665) chess.com INT 2020}) 9... Qc8 10. Bxb7 Qxb7 11. O-O Rfe8 12. Rfe1 e5 13. dxe5 Nxe5 14. Bxf6 Bxf6 15. Nxe5 Rxe5 16. Qf3 Qxf3 17. Nxf3 Re6 18. Rad1 a5 {An uneventful encounter. Accuracy: White = 100%, Black = 100%.} 1/2-1/2

[Event "Stay Safe Play From Home 310"]
[Site "Emanuel Lasker Arena"]
[Date "2020.07.17"]
[Round "6"]
[White "Mepe_Nika"]
[Black "Lamborghini"]
[Result "1-0"]
[WhiteElo "2340"]
[BlackElo "2186"]
[Annotator "TA"]
[PlyCount "123"]
[EventDate "2020.07.17"]
[EventType "swiss (blitz)"]

{[%evp 9,123,27,23,12,10,16,14,20,27,18,63,41,167,91,100,102,129,44,83,-31,-30,-21,-35,-41,-35,-74,-15,-8,-18,-25,-30,-27,0,-38,0,0,0,0,55,0,97,100,91,52,71,32,61,18,302,239,431,425,394,326,485,463,529,362,968,926,932,940,887,160,693,112,677,258,253,238,228,255,241,243,213,133,185,113,409,106,412,287,652,155,169,107,194,0,580,8,837,814,1432,8,8,0,8,-8,-8,-1554,-87,-132,-132,-1668,29980,29982,29982,29983,29983,29984,29984,29985,29985,29986,29991,29991]} 1. d4 Nf6 2. Bf4 e6 3. e3 Bd6 4. Bxd6 cxd6 5. Nf3 b6 6. Be2 {A45: Trompowsky Attack.} Bb7 7. O-O {[#]} O-O $146 ({Predecessor:} 7... d5 8. Nbd2 O-O 9. Rc1 d6 10. c4 Nbd7 11. Qa4 a6 12. cxd5 exd5 13. Qb4 Qe7 {0-1 (56) Skutta,B (1957)-Piasetski,L (2327) Caleta 2017}) 8. c4 {The position is equal.} Qe7 9. Nc3 Rc8 10. Nd2 e5 (10... d5 $14) 11. Bf3 (11. d5 $18) 11... Bxf3 12. Qxf3 ({Much worse is} 12. gxf3 $6 exd4 13. exd4 d5 $11) 12... Nc6 13. Nb3 (13. d5 $16) 13... a5 14. Nd5 (14. d5 $16) 14... Nxd5 $15 15. cxd5 Nb4 {[%cal Bc6b4,Bb4a6,Ba6c5][%mdl 32]} 16. dxe5 dxe5 17. Qe4 d6 (17... g6 $1 $17) 18. a3 $36 {[%mdl 2048] White is more active.} Na6 $1 19. Nd2 Nc5 20. Qf3 b5 21. Rac1 (21. b4 $5 {[%cal Rb4c5]} Na4 22. Nb3 $11) 21... g6 (21... e4 $5 {[%cal Re4f3]} 22. Qe2 Qe5 $11) 22. Ne4 Nxe4 23. Qxe4 Qd7 (23... f5 $11 24. Qd3 Qb7) 24. h4 (24. Rc6 $14) 24... Rc5 (24... Qf5 $11 25. Qxf5 gxf5) 25. Rxc5 $16 dxc5 {[%mdl 4096] Endgame KQR-KQR} 26. h5 Re8 27. h6 Qd6 28. Rd1 Qf8 $2 {[%mdl 8192]} (28... a4 $1 $11 {and Black stays safe.}) 29. Qd3 Qxh6 $2 (29... c4 30. Qc3 Qxh6 31. Qxa5 Qh5) 30. Qxb5 $18 {[%mdl 64] Double Attack} Rd8 31. d6 Qh5 (31... Qf8 {was called for.} 32. Qxc5 Rd7 33. Qxe5 a4) 32. Rd2 e4 33. d7 Qe5 $2 (33... Qf5 34. Qc6 (34. Qxa5 Rxd7 35. Rxd7 Qxd7 $14) 34... Qe5) 34. Qxa5 Qe7 35. Qc7 Kg7 36. Qd6 $2 (36. a4 $18 Kh8 37. a5) 36... Kf8 $2 (36... Qxd6 $16 37. Rxd6 f5) 37. a4 $2 (37. Qd5 $18 {Hoping for a4.} Kg7 38. Qc6) 37... c4 $2 {[%mdl 8192]} (37... Qxd6 $16 38. Rxd6 Ke7) 38. Rd4 $2 (38. Qc7) 38... Qxd6 39. Rxd6 {KR-KR} Ke7 40. Rd4 f5 41. Rxc4 Rxd7 42. Rb4 Rd1+ 43. Kh2 Kf6 $2 {[%mdl 8192]} (43... Ra1 $16 {was necessary.}) 44. Kg3 $2 (44. a5 $18 {and White stays clearly on top.}) 44... Kg5 $2 {[%mdl 8192]} (44... Ra1 $16) 45. a5 h5 $2 (45... Ra1 46. Rb5 Ra4) 46. f3 $2 (46. Ra4 $18 {has better winning chances.}) 46... h4+ $16 {[#]} 47. Kf2 $1 {aiming for Ra4.} exf3 {[#]} (47... Rd2+ $16 48. Kg1 Rd1+ 49. Kh2 exf3 50. gxf3 Ra1) 48. Kxf3 $2 ({White should try} 48. b3 $1 $18) 48... Rd2 $2 {[%mdl 8192]} (48... Rf1+ $1 $11 {and Black is okay.} 49. Ke2 Ra1) 49. e4 $2 ({Better is} 49. a6 $18 {And now a7 would win.} Rd8 50. a7) 49... Rd3+ $2 {[%mdl 8192]} (49... fxe4+ $11 50. Rxe4 Rxb2) 50. Ke2 $18 fxe4 51. Rxe4 $2 (51. a6 $18) 51... Rb3 $11 52. Re5+ Kf4 53. Rc5 {Threatens to win with Rc2.} Rxb2+ 54. Kd3 $2 {[%mdl 8192]} (54. Kf1 $11) 54... Ra2 $2 (54... Rxg2 $19 {is more deadly.} 55. Rc4+ Kg3) 55. Rc4+ Kg3 56. Kd4 $2 {[%mdl 8192]} (56. Rc5 $17) 56... Ra3 $4 {[%mdl 8192]} (56... Rxa5 $19 57. Rc2 g5) 57. Rc3+ {White mates.} Rxc3 58. Kxc3 Kxg2 59. a6 h3 60. a7 h2 61. a8=Q+ Kh3 {[#]} 62. Qh1 $1 {Accuracy: White = 41%, Black = 28%.} 1-0

[Event "Stay Safe Play From Home 310"]
[Site "Emanuel Lasker Arena"]
[Date "2020.07.17"]
[Round "6"]
[White "Lazieri3"]
[Black "Little champs"]
[Result "1-0"]
[WhiteElo "2159"]
[BlackElo "2296"]
[Annotator "NA RC"]
[PlyCount "123"]
[EventDate "2020.07.17"]
[EventType "swiss (blitz)"]

1. e4 {[%emt 0:00:01]} c6 {[%emt 0:00:00]} 2. Nc3 {[%emt 0:00:00]} d5 {[%emt 0:00:00]} 3. d4 {[%emt 0:00:00]} dxe4 {[%emt 0:00:00]} 4. Nxe4 {[%emt 0:00:00]} Nf6 {[%emt 0:00:00]} 5. Nxf6+ {[%emt 0:00:00]} exf6 {[%emt 0:00:00]} 6. Nf3 {[%emt 0:00:00]} Be7 {[%emt 0:00:00]} 7. Bf4 {[%emt 0:00:01]} O-O {[%emt 0:00:00]} 8. Bd3 {[%emt 0:00:00]} Bg4 {[%emt 0:00:01]} 9. O-O {[%emt 0:00:01]} Bd6 {[%emt 0:00:00]} 10. Bxd6 {[%emt 0:00:01]} Qxd6 {[%emt 0:00:01]} 11. h3 {[%emt 0:00:01]} Bh5 {[%emt 0:00:01]} 12. Be2 {[%emt 0:00:01]} Rd8 {[%emt 0:00:01]} 13. c3 {[%emt 0:00:01]} Nd7 {[%emt 0:00:01]} 14. Nd2 {[%emt 0:00:01]} Bg6 {[%emt 0:00:02]} 15. Bf3 {[%emt 0:00:01]} Nf8 {[%emt 0:00:02]} 16. Be4 {[%emt 0:00:01]} Ne6 {[%emt 0:00:01]} 17. Bxg6 {[%emt 0:00:01]} hxg6 {[%emt 0:00:01]} 18. Ne4 {[%emt 0:00:02]} Qd5 {[%emt 0:00:01]} 19. Ng3 {[%emt 0:00:01]} Nf4 {[%emt 0:00:01]} 20. f3 {[%emt 0:00:04]} Qg5 {[%emt 0:00:02]} 21. Qe1 {[%emt 0:00:04]} Re8 {[%emt 0:00:02]} 22. Qf2 {[%emt 0:00:01]} Re2 {[%emt 0:00:03]} 23. Qxe2 {[%emt 0:00:04]} Nxe2+ {[%emt 0:00:03]} 24. Nxe2 {[%emt 0:00:00]} Re8 {[%emt 0:00:02]} 25. Rfe1 {[%emt 0:00:05]} Qd2 {[%emt 0:00:02]} 26. Kf1 {[%emt 0:00:03]} Qxb2 {[%emt 0:00:01]} 27. Rab1 {[%emt 0:00:01]} Qxa2 {[%emt 0:00:01]} 28. Rxb7 {[%emt 0:00:01]} Qa6 {[%emt 0:00:02]} 29. Rc7 {[%emt 0:00:02]} Qd3 {[%emt 0:00:01]} 30. Rxa7 {[%emt 0:00:02]} g5 {[%emt 0:00:02]} 31. Rc7 {[%emt 0:00:03]} f5 {[%emt 0:00:01]} 32. Rxc6 {[%emt 0:00:01]} g4 {[%emt 0:00:00]} 33. hxg4 {[%emt 0:00:01]} fxg4 {[%emt 0:00:00]} 34. fxg4 {[%emt 0:00:00]} f5 {[%emt 0:00:04]} 35. gxf5 {[%emt 0:00:01]} Rf8 {[%emt 0:00:00]} 36. Rc5 {[%emt 0:00:02]} Re8 {[%emt 0:00:02]} 37. Re5 {[%emt 0:00:01]} Rxe5 {[%emt 0:00:02]} 38. dxe5 {[%emt 0:00:00]} Qxf5+ {[%emt 0:00:00]} 39. Kg1 {[%emt 0:00:01]} Qxe5 {[%emt 0:00:00]} 40. Kf1 {[%emt 0:00:01]} Qe3 {[%emt 0:00:02]} 41. Ng1 {[%emt 0:00:01]} Qxc3 {[%emt 0:00:01]} 42. Nf3 {[%emt 0:00:00]} Qc4+ {[%emt 0:00:00]} 43. Kf2 {[%emt 0:00:01]} Qc5+ {[%emt 0:00:00]} 44. Kf1 {[%emt 0:00:01]} Qc6 {[%emt 0:00:01]} 45. Re5 {[%emt 0:00:01]} Qf6 {[%emt 0:00:02]} 46. Rg5 {[%emt 0:00:00]} Qa1+ {[%emt 0:00:01]} 47. Kf2 {[%emt 0:00:01]} Qb2+ {[%emt 0:00:01]} 48. Kg1 {[%emt 0:00:00]} Qc1+ {[%emt 0:00:00]} 49. Kh2 {[%emt 0:00:00]} Qf4+ {[%emt 0:00:01]} 50. Kg1 {[%emt 0:00:01]} Qb4 {[%emt 0:00:00]} 51. Kh2 {[%emt 0:00:00]} Qd6+ {[%emt 0:00:01]} 52. Kh3 {[%emt 0:00:01]} Qh6+ {[%emt 0:00:00]} 53. Kg3 {[%emt 0:00:00]} Qh7 {[%emt 0:00:00]} 54. Kg4 {[%emt 0:00:00]} Qb1 {[%emt 0:00:00]} 55. Kg3 {[%emt 0:00:00]} Qh1 {[%emt 0:00:00]} 56. Kf2 {[%emt 0:00:01]} Kh7 {[%emt 0:00:02]} 57. Kg3 {[%emt 0:00:00]} g6 {[%emt 0:00:00]} 58. Kf2 {[%emt 0:00:00]} Qb1 {[%emt 0:00:01]} 59. Kg3 {[%emt 0:00:00]} Kh6 {[%emt 0:00:00]} 60. Kh2 {[%emt 0:00:00]} Qc1 {[%emt 0:00:00]} 61. Kg3 {[%emt 0:00:00]} Qe3 {[%emt 0:00:01]} 62. Kh2 {[%emt 0:00:01] Time} 1-0

[Event "Stay Safe Play From Home 310"]
[Site "Emanuel Lasker Arena"]
[Date "2020.07.17"]
[Round "6"]
[White "Haxhi Baha"]
[Black "AChessPlayer"]
[Result "0-1"]
[WhiteElo "1945"]
[BlackElo "2441"]
[Annotator "TA"]
[PlyCount "82"]
[EventDate "2020.07.17"]
[EventType "swiss (blitz)"]

{[%evp 9,82,10,15,0,2,-4,0,-28,-14,-40,-36,-41,-40,-40,-41,-54,-33,-43,0,0,25,-37,-9,-29,58,58,220,226,229,224,216,197,222,196,347,-123,-108,-327,331,322,335,329,422,-353,-318,-366,-297,-849,-816,-1045,-1030,-2382,-1922,-29975,-29974,-29988,-29989,-29990,-29991,-29991,-668,-661,-658,-617,-583,-552,-519,-502,-248,-507,-265,-289,-8,-37,0]} 1. e4 c6 2. Nc3 d5 3. Nf3 dxe4 4. Nxe4 Nf6 5. Nc3 Bg4 6. Bc4 {B11: Caro-Kann: Two Knights Variation.} e6 7. h3 Bh5 {[#]} 8. g4 $146 {The position is equal.} ({Predecessor:} 8. d3 Nbd7 9. Bf4 Bb4 10. a3 Be7 11. g4 Bg6 12. Qe2 Nb6 13. Bb3 Nfd5 14. Be5 {1-0 (59) Vibbert,S (2316)-Mills,J (2097) Chicago 2017}) 8... Bg6 9. d3 Nbd7 10. Qe2 Be7 11. Bf4 b5 12. Bb3 a5 13. a4 b4 14. Ne4 $36 {[%mdl 2048] White has the initiative.} Nd5 15. Bd2 (15. Bg3 $11) 15... O-O 16. O-O-O c5 (16... Qc7 $11) 17. h4 $14 Qb6 $2 (17... Qc7 $14) 18. h5 $18 Bxe4 19. dxe4 Nc7 20. g5 Qc6 21. Bf4 Nb6 $2 (21... Rad8 22. Kb1 Na8) 22. Bxc7 $2 (22. Ne5 $18 Qe8 23. Qe3) 22... Qxc7 $17 23. g6 $2 (23. Kb1 $17 {is a better defense.}) 23... fxg6 $4 {[%mdl 8192]} (23... c4 $19 {and all is fine.} 24. gxh7+ Kh8) 24. Bxe6+ $18 Kh8 25. hxg6 {[%csl Gg6][%cal Rh1h7]} h6 26. Rxh6+ $4 {[%mdl 8192]} (26. e5 $18 {avoids the disaster.} Qc6 27. Bf7) 26... gxh6 $19 27. Rh1 Qf4+ {[%mdl 64] Double Attack} 28. Nd2 $2 (28. Kb1) 28... Bg5 29. Rd1 Rad8 30. Bd5 Nxd5 31. exd5 Rxd5 32. Qe6 Rxd2 33. Rxd2 Qxd2+ 34. Kb1 Qf4 (34... Qc1+ $142 35. Ka2 Bf6 36. g7+ Bxg7 {[%mdl 64] Discovered Attack} 37. Kb3 Qxb2+ 38. Kc4 Qa2+ {[%mdl 64] Double Attack} 39. Kb5 Qxe6 40. f3 Rb8+ 41. Kxc5 Bf8+ 42. Kd4 Rd8#) 35. Qd7 {[%csl Gg6][%cal Rd7h7] [#]} Rf7 $1 {[%cal Rf7d7]} 36. gxf7 {White threatens Qe8+ and mate.} (36. Qxf7 Qxf7) 36... Kg7 37. Qc8 {Threatening mate with Qg8+.} Qxf7 38. Qxc5 Qf6 (38... Qe6 $142 39. Qb5 Kg6 40. Qd3+ Qf5) 39. Qc7+ $2 (39. Qxa5 {is the only way for White.} Qd4 40. Qc7+ Kg6 41. Qb8) 39... Kg6 {...Qd4 is the strong threat.} 40. Qxa5 Kh5 $2 ({Don't take} 40... Qxf2 41. Qxb4 Qf1+ 42. Ka2 $19) ({Black should try} 40... Qd4 $19 41. Qa8 Bf6 42. Qg8+ {[#]} Kf5 $1 {[%mdl 512]} 43. Qh7+ Kg4 $1 {[%mdl 512]}) 41. Qxb4 $11 Qf4 {[%mdl 32768] Accuracy: White = 40%, Black = 30%. . Loss on time!?} 0-1